PhD training in eastern and southern Africa : (Record no. 4062)

MARC details
000 -LEADER
fixed length control field 01262cam a2200337 i 4500
001 - CONTROL NUMBER
control field 17800088
003 - CONTROL NUMBER IDENTIFIER
control field OSt
005 - DATE AND TIME OF LATEST TRANSACTION
control field 20250130105749.0
008 - FIXED-LENGTH DATA ELEMENTS--GENERAL INFORMATION
fixed length control field 130703s2013 et a b 000 0 eng
010 ## - LIBRARY OF CONGRESS CONTROL NUMBER
LC control number 2012310640
020 ## - INTERNATIONAL STANDARD BOOK NUMBER
International Standard Book Number 9789994455713
040 ## - CATALOGING SOURCE
Original cataloging agency DLC
Language of cataloging eng
Transcribing agency DLC
Description conventions rda
042 ## - AUTHENTICATION CODE
Authentication code lcode
-- pcc
043 ## - GEOGRAPHIC AREA CODE
Geographic area code f------
050 00 - LIBRARY OF CONGRESS CALL NUMBER
Classification number LA1503
Item number .P48 2013
082 ## - DEWEY DECIMAL CLASSIFICATION NUMBER
Classification number 378.1259
Item number TEK
245 00 - TITLE STATEMENT
Title PhD training in eastern and southern Africa :
Remainder of title the experience of OSSREA /
Statement of responsibility, etc. edited by: Tekeste Negash and Abiye Daniel.
264 #1 - PRODUCTION, PUBLICATION, DISTRIBUTION, MANUFACTURE, AND COPYRIGHT NOTICE
Place of production, publication, distribution, manufacture Addis Ababa, Ethiopia :
Name of producer, publisher, distributor, manufacturer Organisation for Social Science Research in Eastern and Southern Africa (OSSREA),
Date of production, publication, distribution, manufacture, or copyright notice 2013.
300 ## - PHYSICAL DESCRIPTION
Extent xxiv, 264 pages :
Other physical details color illustrations ;
Dimensions 24 cm
336 ## - CONTENT TYPE
Content type term text
Source rdacontent
337 ## - MEDIA TYPE
Media type term unmediated
Source rdamedia
338 ## - CARRIER TYPE
Carrier type term volume
Source rdacarrier
504 ## - BIBLIOGRAPHY, ETC. NOTE
Bibliography, etc Includes bibliographical references.
650 #0 - SUBJECT ADDED ENTRY--TOPICAL TERM
Topical term or geographic name as entry element Higher education
Geographic subdivision Africa.
700 0# - ADDED ENTRY--PERSONAL NAME
Personal name Tekeste Negash,
Relator term editor of compilation.
700 0# - ADDED ENTRY--PERSONAL NAME
Personal name Abiye Daniel,
Relator term editor of compilation.
710 2# - ADDED ENTRY--CORPORATE NAME
Corporate name or jurisdiction name as entry element Organization for Social Science Research in Eastern and Southern Africa,
Relator term issuing body.
906 ## - LOCAL DATA ELEMENT F, LDF (RLIN)
a 7
b cbc
c origode
d 3
e ncip
f 20
g y-gencatlg
942 ## - ADDED ENTRY ELEMENTS (KOHA)
Source of classification or shelving scheme Dewey Decimal Classification
Koha item type Books
Holdings
Withdrawn status Lost status Source of classification or shelving scheme Damaged status Not for loan Home library Current library Date acquired Total Checkouts Full call number Barcode Date last seen Price effective from Koha item type
    Dewey Decimal Classification     Bunge Tower Library Bunge Tower Library 01/30/2025   378.1259 TEK 2025/0012 01/30/2025 01/30/2025 Books
LIBRARY OPENING HOURS

When the Parliament is sitting: 8.00a.m - 7.00p.m or until the house adjourns
Mondays and Fridays and when the House is on Recess:  8.00a.m - 5.00p.m
Closed on Weekends and Public Holidays

Online Public Access Catalog (OPAC)
Website: http://www.parliament.go.ke
Bunge Library: https://libraryir.parliament.go.ke
Contact: library@parliament.go.ke | Tel no: (254-2)2221291 or 2848000 Ext 5043